<?xml version="1.0" encoding="UTF-8"?>
<collection xmlns="http://www.loc.gov/MARC21/slim">
  <record>
    <leader>00000nam  2200000   4500</leader>
    <controlfield tag="001">INLIS000000000000450</controlfield>
    <controlfield tag="005">20180724135016</controlfield>
    <controlfield tag="008">180724|||||||||   |   |||   |||| ||   | </controlfield>
    <datafield tag="035" ind1=" " ind2=" ">
      <subfield code="0">010-0718000450</subfield>
    </datafield>
    <datafield tag="041" ind1=" " ind2=" ">
      <subfield code="a">id</subfield>
    </datafield>
    <datafield tag="082" ind1=" " ind2=" ">
      <subfield code="a">012</subfield>
    </datafield>
    <datafield tag="090" ind1=" " ind2=" ">
      <subfield code="a">R 012 PIM I  2013</subfield>
    </datafield>
    <datafield tag="100" ind1=" " ind2=" ">
      <subfield code="a">Soepia, Ucu S.</subfield>
    </datafield>
    <datafield tag="245" ind1=" " ind2=" ">
      <subfield code="a">Optimalisasi peran, tugas dan fungsi deputi bidang politik dan strategi dalam penyelenggaraan Bintannas di daerah guna meningkatkan ketahanan nasional</subfield>
    </datafield>
    <datafield tag="260" ind1=" " ind2=" ">
      <subfield code="a">Jakarta</subfield>
      <subfield code="b">Lembaga Administrasi Negara</subfield>
      <subfield code="c">2013</subfield>
    </datafield>
    <datafield tag="300" ind1=" " ind2=" ">
      <subfield code="a">47 hlm. ; 30 cm.</subfield>
    </datafield>
    <datafield tag="500" ind1=" " ind2=" ">
      <subfield code="a">Tujuan dari proyek perubahan ini antara lain meningkatkan kapasitas dan kualitas penyediaan bahan perumusan kebijakan politik nasional (polnas) dan strategi nasional (stranas), serta rencana kontinjensi nasional (renkonnas) melalui upaya pembinaan ketahanan nasional (Bintannas) di daerah pada tahun 2014, menyangkut bidang keamanan internal, keamanan eksternal, maupun bencana berskala besar guna meningkatkan Ketahanan Nasional (Tannas) secara berjenjang dan berkelanjutan serta menghadapi kemungkinan krisis nasional; memberikan masukan rekomendasi kebijakan yang berkualitas kepada Sekretaris Jenderal Dewan Ketahanan Nasional terkait dengan optimalisasi peran, tugas, dan fungsi Depolstra dalam merumuskan rancangan kebijakan dan strategi nasional melalui penyelenggaraan Bintannas untuk mendapatkan data primer melalui kegiatan seminar dan lokakarya (Semiloka), Kajian Daerah (Kajida), khususnya kegiatan on the spot, sebagai bahan perumusan rancangan Polstra, Stranas, dan Renkonas; Menjadi suatu acuan atau referensi bagi berbagai pihak pemangku kepentingan dalam membangun jejaring nasional, dalam rangka optimalisasi peran, tugas, dan fungsi Depolstra di dalam meluruskan rancangan kebijakan dan strategi nasional melalui penguatan sinergi Anggota Wantannas, K/LNK, dan Pemda untuk mencapai kesepahaman dan persepsi yang sama dalam mengatasi permasalahan ketahanan nasional sehingga tindakan terintegratif.</subfield>
    </datafield>
    <datafield tag="650" ind1=" " ind2=" ">
      <subfield code="a">Optimalisasi - Organisasi Dewan Ketahanan Nasional -- Proyek Perubahan PIM1</subfield>
    </datafield>
  </record>
</collection>
